Inventando la empresa del siglo XXI

Gardado en:
Detalles Bibliográficos
Autor Principal: Flores, Carlos F (Author)
Formato: Libro
Idioma:Lingua castelá
Publicado: Santiago Hachette 1989
Edición:1a. ed
Series:Colección Hachette. Comunicación
Subjects:
Tags: Engadir etiqueta
Sen Etiquetas, Sexa o primeiro en etiquetar este rexistro!

MARC

LEADER 00000cam a2200000 a 4500
001 UCW4758
003 CL-VaPUC
008 900802e19890000CL |||||||||||||||||spa|d
082 0 4 |a 658.403  |b FLO  |2 21 
100 0 |a Flores, Carlos F  |e author  |9 309551 
245 1 0 |a Inventando la empresa del siglo XXI 
250 |a 1a. ed 
300 |a 107 p 
942 |c BK 
945 |d 19900802 00:00:00 
260 |a Santiago  |b Hachette  |c 1989 
650 0 |a Filosofía del lenguaje  |9 257082 
583 |a last modification  |c 20170224 05:19:51  |k Rodrigo Vera 
490 0 |a Colección Hachette. Comunicación 
999 |c 218384  |d 218382 
952 |0 0  |1 0  |4 0  |6 658_403000000000000_FLO_1989  |7 0  |8 A  |9 207871  |a BIBEDU  |b BIBEDU  |d 2019-11-15  |i 2757079  |o 658.403 FLO 1989  |p 2757079  |r 2019-11-15  |w 2019-11-15  |y BK  |k EDU 
952 |0 0  |1 0  |4 0  |6 658_403000000000000_FLO_1989  |7 0  |8 A  |9 207872  |a BIBHIS  |b BIBHIS  |d 2019-11-15  |i 2757087  |o 658.403 FLO 1989  |p 2757087  |r 2025-01-20  |w 2019-11-15  |y BK  |k HIS 
952 |0 0  |1 0  |4 0  |6 658_403000000000000_FLO_1989  |7 0  |8 A  |9 207873  |a BIBEDU  |b BIBEDU  |d 2019-11-15  |i 2757095  |o 658.403 FLO 1989  |p 2757095  |r 2019-11-15  |w 2019-11-15  |y BK  |k EDU 
952 |0 0  |1 0  |4 0  |6 658_403000000000000_FLO_1989  |7 0  |8 A  |9 207874  |a BIBEDU  |b BIBEDU  |d 2019-11-15  |i 2757109  |o 658.403 FLO 1989  |p 2757109  |r 2019-11-15  |w 2019-11-15  |y BK  |k EDU 
952 |0 0  |1 0  |3 erb  |4 0  |6 658_403000000000000_FLO_1989  |7 0  |8 A  |9 207875  |a BIBENE  |b BIBENE  |i 5328578  |o 658.403 FLO 1989  |p 5328578  |r 2025-01-15  |w 2019-11-15  |y BK  |z Catalogado en:20170303  |k ICO